Secció de Servei Forestal : pi insignis : utilitat dels eucaliptus pi insignis :
Descripción Física:
[4] p. : il. ; 28 cm
Materias:
Pins
MARC
| LEADER | 00000nam a2200000Ia 4500 | ||
|---|---|---|---|
| 001 | 23584 | ||
| 008 | 160829s1920 xx 000 0 cat d | ||
| 080 | |a RF-17-45 | ||
| 245 | |a Secció de Servei Forestal : |b pi insignis : |b utilitat dels eucaliptus | ||
| 260 | |a Barcelona : |b Mancomunitat de Catalunya, |c 1920 | ||
| 300 | |a [4] p. : |b il. ; |c 28 cm | ||
| 650 | |a Pins |9 47939 | ||
| 710 | 2 | |a Catalunya. |b Mancomunitat |9 53015 | |
| 856 | 4 | |u https://media.diba.cat/diba/fitxers/arxiu/fulletons/bib_23584_1920_baixa.pdf |y Accés lliure | |
| 856 | 4 | |u https://media.diba.cat/diba/fitxers/arxiu/fulletons/bib_23584_1920_baixa.pdf |y Accés lliure | |
| 901 | |a Arxiu | ||
| 942 | |n 1 |2 udc | ||
| 952 | |0 0 |1 0 |4 0 |6 RF1745 |7 1 |9 54216 |a Arxiu |b Arxiu |d 2012-08-13 |l 0 |o RF-17-45 |p 23584 |r 2016-12-01 00:00:00 |w 2016-12-01 |y ARXIU | ||
| 999 | |c 58085 |d 58085 | ||
| 900 | |a bib_23584_1920_baixa.pdf | ||